| 000 | 00000nam##2200000za#4500 |
| 001 | 9.693781 |
| 003 | CaOODSP |
| 005 | 20210624233824 |
| 007 | cr ||||||||||| |
| 008 | 150407|2007||||xxc|||||o f|0| 0 eng|d |
| 040 | |aCaOODSP|beng |
| 043 | |an-cn--- |
| 086 | 1 |aET3-4/2007E-PDF |
| 110 | 1 |aCanada.|bOffice of the Ethics Commissioner. |
| 245 | 14|aThe Obhrai Inquiry : |h[electronic resource]|bpursuant to the Conflict of Interest Code for Members of the House of Commons / |cBernard J. Shapiro, Ethics Commissioner. |
| 260 | |aOttawa - Ontario : |bOffice of the Ethics Commissioner |cMarch 2007. |
| 300 | |a21p. |
| 590 | |a10-08-Supp|b2010-10-06 |
| 775 | 08|tL'enquête Obhrai : |w(CaOODSP)9.637970 |
| 856 | 40|ahttp://publications.gc.ca|qPDF|s2795 KB|uhttps://publications.gc.ca/collections/collection_2010/ccie-ciec/ET3-4-2007-eng.pdf |